000
00301nam a22001337a 4500
008
170503b xxu||||| |||| 00| 0 eng d
020
_a
0538802340
041
_a
eng
080
_a
342
100
_a
13
101
_a
SHJ
245
_a
BUSINESS LAW PRINCIPLES CASES
_c
ANDERSON.R.A
942
_2
udc
_c
BK
999
_c
12540
_d
12540